Pretty Little Liars - Statistics

General Stats
  • This quiz has been taken 1,186 times
  • The average score is 13 of 15
Answer Stats
Questions Answers % Correct
Every text that the liars receive are signed by? A
100%
Montgomary? Aria
99%
Feilds? Emily
99%
Marin? Hanna
99%
Liars: Hastings? Spencer
99%
What is the name of the girl that goes missing before season 1? Alison
98%
Spencer's sister? Melissa
96%
Who is revealed to be A at the end of season 2? Mona
96%
Aria's brother? Mike
93%
Name of Emily's new neighbor Maya
90%
Who is Toby's girlfriend? Spencer
87%
Who tries to kill Hanna on a boat at Caleb's birthday party? Lucas
77%
Who is revealed to be A in season 3 Toby
71%
Who is revealed dead at the end of the 2nd season? Maya
70%
Who gets killed by Emily? Lyndon
65%
No matching quizzes found
Score Distribution
Percent of People with Each Score
Percentile by Number Answered
Your Score History
You have not taken this quiz